000 00829nam a2200265 a 4500
001 68366
003 BD-RjUL
005 20211209081748.0
008 000925s2001 maua b 001 0 eng c
020 _a0750672404 (alk. paper)
035 _a(BD-RjUL)68576
040 _aDNLM/DLC
_cDLC
_dDLC
_dBD-RjUL
_beng
041 _aeng
082 0 0 _223
_a636.089
_bROV 2001
100 1 _aRoder, Joseph D.
_9202684
245 1 0 _aVeterinary toxicology /
_cJoseph D. Roder.
260 _aBoston :
_bButterwoth-Heinemann,
_cc2001.
300 _ax, 403 p. :
_bill. ;
_c22 cm.
504 _aIncludes bibliographical references and index.
650 0 _aVeterinary Science
_9162774
650 2 2 _aVeterinary Medicine.
_9201874
830 _aThe practical veterinarian
_9202687
942 _2ddc
_cBK
999 _c68366
_d68366